000 00306nam a2200133Ia 4500
005 20251222140050.0
008 251222s1900||||xx |||||||||||||| ||spa||
020 _a8834307003
082 _a180/R31
100 _aReale, Giovanni
245 0 _aIl pensiero antico
264 _bVita y Pensiero
942 _cLIB
999 _c3574
_d3574